000 00496nam a22001812 4500
001 0000001713
005 20151217155813.0
008 070322s xx 000 0 eng d
040 _aKABU
_cKABU
050 0 _aHC860
_b.C53
245 1 0 _aDevelopment planning in East Africa.
260 _aNairobi :
_bEAPH,
_c1965.
300 _avi, 154 p.
651 0 _aAfrica, East
_xEconomic policy.
_@0000150685
908 _a070322
950 _@1
999 _c12633
_d12633